Philippine electrical code part 1 volume II (Record no. 8833)

MARC details
000 -LEADER
fixed length control field 00797nam a22002177a 4500
003 - CONTROL NUMBER IDENTIFIER
control field OSt
005 - DATE AND TIME OF LATEST TRANSACTION
control field 20260312010917.0
008 - FIXED-LENGTH DATA ELEMENTS--GENERAL INFORMATION
fixed length control field 260310b |||||||| |||| 00| 0 eng d
020 ## - INTERNATIONAL STANDARD BOOK NUMBER
International Standard Book Number 971-91677-4-2.
040 ## - CATALOGING SOURCE
Original cataloging agency DWCL Main lib
Transcribing agency OC
082 ## - DEWEY DECIMAL CLASSIFICATION NUMBER
Edition number 2000 ed.
Classification number Fil. 621.319 In59p 2002
100 ## - MAIN ENTRY--PERSONAL NAME
Personal name Institute Of Integrated Electrical Engineers Of the Philippines, Inc.
245 ## - TITLE STATEMENT
Title Philippine electrical code part 1 volume II
Statement of responsibility, etc. Institute Of Integrated Electrical Engineers Of the Philippines, Inc.
250 ## - EDITION STATEMENT
Edition statement 2000 ed.
260 ## - PUBLICATION, DISTRIBUTION, ETC.
Place of publication, distribution, etc. Quezon City :
Name of publisher, distributor, etc. COR-ASIA, Inc.,
Date of publication, distribution, etc. c2002.
300 ## - PHYSICAL DESCRIPTION
Extent vii, 242 p. :
Other physical details ill. ;
Dimensions 21 cm.
504 ## - BIBLIOGRAPHY, ETC. NOTE
Bibliography, etc. note Includes index.
650 ## - SUBJECT ADDED ENTRY--TOPICAL TERM
Topical term or geographic name entry element 1. Electric wiring-Philippines.
650 ## - SUBJECT ADDED ENTRY--TOPICAL TERM
Topical term or geographic name entry element 2. Electrical engineering-Philippines.
942 ## - ADDED ENTRY ELEMENTS (KOHA)
Source of classification or shelving scheme Dewey Decimal Classification
Koha item type Book-Filipiniana
Edition 2000 ed.
Call number prefix Fil.
Suppress in OPAC No
952 ## - LOCATION AND ITEM INFORMATION (KOHA)
--
952 ## - LOCATION AND ITEM INFORMATION (KOHA)
--
952 ## - LOCATION AND ITEM INFORMATION (KOHA)
--
Holdings
Withdrawn status Lost status Source of classification or shelving scheme Damaged status Not for loan Home library Current library Shelving location Date acquired Source of acquisition Total Checkouts Full call number Barcode Date last seen Copy number Price effective from Koha item type Uniform Resource Identifier
    Dewey Decimal Classification     College Library College Library Filipiniana 07/23/2007 School Fund   Fil. 621.319 In59p 2002. CL44969 03/10/2026 c2 03/10/2026 BK - FIL
    Dewey Decimal Classification     College Library College Library Filipiniana 07/23/2007 School Fund   Fil. 621.319 In59p 2002. CL44970 03/10/2026 c3 03/10/2026 BK - FIL
    Dewey Decimal Classification     College Library College Library Filipiniana 07/16/2007 School Fund   Fil. 621.319 In59p 2002. CL44901 03/12/2026 c1 03/10/2026 BK - FIL